Największe kraje w Australii i Oceanii od największego - Statystyki

Ogólne statystyki
  • Ten quiz został rozwiązany 49 razy
  • Średni wynik to 9 z 14
Statystyki odpowiedzi
Miejsce Powierzchnia Kraj % Poprawnych
1. 7 682 300 km2 Australia
100%
2. 462 840 km2 Papua - Nowa Gwinea
93%
3. 267 710 km2 Nowa Zelandia
90%
4. 28 400 km2 Wyspy Salomona
73%
5. 18 333 km2 Fidżi
68%
14. 21 km2 Nauru
60%
7. 2 831 km2 Samoa
55%
6. 12 189 km2 Vanuatu
55%
8 811 km2 Kiribati
50%
13. 26 km2 Tuvalu
50%
10. 702 km2 Mikronezja
48%
11. 459 km2 Palau
48%
9 748 km2 Tonga
48%
12. 181 km2 Wyspy Marshalla
45%
Nie znaleziono quizów pasujących do podanych kryteriów
Rozkład punktacji
Procent ludzi z każdym wynikiem
Percentyl według liczby udzielonych odpowiedzi
Twoja historia wyników
Nie rozwiązałeś tego quizu